Normal view
MARC view
- Marques, Oge
Entry Personal Name
001 - CONTROL NUMBER
- control field: 101570
003 - CONTROL NUMBER IDENTIFIER
- control field: NUST
005 - DATE AND TIME OF LATEST TRANSACTION
- control field: 20221027172144.0
008 - FIXED-LENGTH DATA ELEMENTS
- fixed length control field: 221027|| aca||aabn | a|a d
040 ## - CATALOGING SOURCE
- Original cataloging agency: NUST
- Transcribing agency: NUST
100 ## - HEADING--PERSONAL NAME
- Personal name: Marques, Oge
670 ## - SOURCE DATA FOUND
- Source citation: Work cat.: (NUST)0: Marques, Oge., Practical image and video processing using MATLAB /, c2011.
